Top 10 trophée Kopa 2022 - Statistiques

Statistiques générales
  • Ce quiz a été pris 77 fois
  • Le résultat moyen est 8 sur 10
Statistiques - réponses
Position Poste Nationalité Club en 2022 Joueur % Correct
1 Milieu offensif Espagnol FC Barcelone Pablo Gavi
96%
2 Milieu défensif / Latéral gauche Français Real Madrid Eduardo Camavinga
94%
5 Latéral gauche Portugais Paris Saint-Germain Nuno Mendes
93%
8 Ailier droit Anglais Arsenal Bukayo Saka
91%
4 Milieu offensif Anglais Borussia Dortmund Jude Bellingham
91%
10 Milieu offensif Allemand Bayer Leverkusen Florian Wirtz
85%
3 Milieu offensif Allemand Bayern Munich Jamal Musiala
84%
7 Défenseur central / Latéral gauche Croate RB Leipzig Joško Gvardiol
81%
9 Ailier gauche Allemand Borussia Dortmund Karim Adeyemi
57%
6 Milieu défensif Néerlandais Bayern Munich Ryan Gravenberch
57%
Aucun quiz correspondant
Distribution des résultats
% des personnes avec chaque résultat
Percentile par nombre de réponses
Votre historique - résultats
Vous n’avez pas pris ce quiz